Figure Out the Lyrics (Beatles 3) Quiz Stats

 Plays Quiz Updated May 2, 2017

Score 0/115 Timer 08:00
1 Play Today
% Correct
I
97.6%
I
97.6%
I
97.6%
I
97.6%
I
97.6%
I
97.6%
I
97.6%
I
97.6%
I
97.6%
I
97.6%
a
94.3%
a
94.3%
a
94.3%
the
86.2%
the
86.2%
the
86.2%
me
77.9%
me
77.9%
me
77.9%
me
77.9%
me
77.9%
to
75.2%
to
75.2%
to
75.2%
to
75.2%
and
72.4%
and
72.4%
and
72.4%
and
72.4%
And
72.4%
and
72.4%
she
72.2%
She
72.2%
She
72.2%
she
72.2%
she
72.2%
She
72.2%
she
72.2%
We
68.1%
% Correct
her
63.8%
her
63.8%
her
63.8%
it
63.6%
it
63.6%
on
63.6%
in
63.2%
in
63.2%
was
56%
for
51.8%
say
51.3%
So
50.9%
So
50.9%
when
50.7%
girl
50%
my
48.9%
had
48.2%
had
48.2%
had
48.2%
or
47.7%
there
47.1%
should
45.6%
told
45.2%
told
45.2%
told
45.2%
once
44.3%
once
44.3%
then
43.4%
said
42%
good
39.3%
good
39.3%
time
37.6%
time
37.6%
wood?
37%
wood?
37%
asked
36.4%
It's
36.1%
Norwegian
35.9%
Norwegian
35.9%
% Correct
This
35.6%
Isn't
34.7%
Isn't
34.7%
stay
34.7%
sit
32.8%
bed
32.5%
looked
31.8%
chair
31.2%
sat
31.1%
wasn't
30.8%
around
30.8%
showed
30.7%
two
30.6%
room
29.6%
sleep
29.4%
anywhere
28.4%
noticed
27.8%
morning
27.8%
didn't
27.6%
bath
27.5%
laugh
26.2%
alone
26%
talked
25.9%
until
25.8%
wine
25.7%
awoke
25.4%
rug
25.2%
drinking
25.2%
worked
25.1%
started
25.1%
biding
24.5%
off
24.3%
bird
23.8%
lit
23.8%
fire
23.4%
flown
22.8%
crawled
21.4%

You're not logged in!

Compare scores with friends on all Sporcle quizzes.
OR
Log In

Show Comments

Extras

Top Quizzes Today


Score Distribution

Your Account Isn't Verified!

In order to create a playlist on Sporcle, you need to verify the email address you used during registration. Go to your Sporcle Settings to finish the process.

Report this User

Report this user for behavior that violates our Community Guidelines.

Details: